The National Land Use Database. (Record no. 61035)
[ view plain ]
| 000 -LEADER | |
|---|---|
| fixed length control field | 00771cam a2200205 4500 |
| 001 - CONTROL NUMBER | |
| control field | ABS61300 |
| 008 - FIXED-LENGTH DATA ELEMENTS--GENERAL INFORMATION | |
| fixed length control field | 000000n1999 000 0 eng u |
| 035 ## - SYSTEM CONTROL NUMBER | |
| System control number | (Sirsi) u101937 |
| 100 ## - MAIN ENTRY--PERSONAL NAME | |
| Personal name | Oliver, A. |
| 245 #4 - TITLE STATEMENT | |
| Title | The National Land Use Database. |
| 260 ## - PUBLICATION, DISTRIBUTION, ETC. | |
| Date of publication, distribution, etc. | 1999 |
| 490 ## - SERIES STATEMENT | |
| Series statement | BURISA |
| Volume/sequential designation | August 1999, 2-4(3) |
| 520 ## - SUMMARY, ETC. | |
| Summary, etc. | Presents the National Land Use Database (NLUD). Outlines the background context. Describes the first phase of data collection, which identified vacant and derelict land, and the methodology used for estimating the amounts for local authorities who did not reply in time. |
| 650 ## - SUBJECT ADDED ENTRY--TOPICAL TERM | |
| Topical term or geographic name entry element | NATIONAL LAND USE DATABASE |
| 650 ## - SUBJECT ADDED ENTRY--TOPICAL TERM | |
| Topical term or geographic name entry element | BROWNFIELD SITES |
| 650 ## - SUBJECT ADDED ENTRY--TOPICAL TERM | |
| Topical term or geographic name entry element | REGENERATION |
| 650 ## - SUBJECT ADDED ENTRY--TOPICAL TERM | |
| Topical term or geographic name entry element | DERELICT LAND |
| 690 ## - LOCAL SUBJECT ADDED ENTRY--TOPICAL TERM (OCLC, RLIN) | |
| Topical term or geographic name as entry element | URBAN RENEWAL |
| 942 ## - ADDED ENTRY ELEMENTS (KOHA) | |
| Suppress in OPAC | 0 |
| Withdrawn status | Lost status | Source of classification or shelving scheme | Damaged status | Not for loan | Home library | Current library | Shelving location | Date acquired | Total Checkouts | Full call number | Barcode | Date last seen | Copy number | Price effective from | Koha item type |
|---|---|---|---|---|---|---|---|---|---|---|---|---|---|---|---|
| Dewey Decimal Classification | London | London | Journal article | 12/11/1999 | ABS61300 | 101937-1001 | 06/08/2019 | 1 | 06/08/2019 | Journal article |